| 000 | 00664nam a22002177a 4500 | ||
|---|---|---|---|
| 005 | 20170124110216.0 | ||
| 010 | _a237086 | ||
| 020 | _c00.00 | ||
| 035 | _a237086 | ||
| 037 | _bCen Lib/Ret | ||
| 040 |
_aDPL _bEN |
||
| 082 |
_a220.22 _bSAT |
||
| 245 |
_aThe satapatha-brahmana : _ctranslated by Juluis Eggeling _baccording to text of the madhyandina school / |
||
| 260 |
_aVaranasi _bMotilal Banarsidas _c1885 |
||
| 270 |
_bVaranasi _aBunglow Goad Jawahar Nagar |
||
| 300 |
_a(v.26) xxxii, 475p. _c23cm(Hb) |
||
| 650 |
_aHinduism _992135 |
||
| 650 |
_aVedas _992136 |
||
| 700 |
_aEggling, Julius _939097 |
||
| 942 |
_2ddc _cEN _h220.22 _mSAT |
||
| 999 |
_c133852 _d133852 |
||